[Event "Lovsprings op-D 13th"]
[Site "Ringsted"]
[Date "2002.04.15"]
[Round "6"]
[White "Nielsen, Jonas"]
[Black "Astrup, Knud"]
[Result "0-1"]
[WhiteElo "1027"]
[BlackElo "1056"]
[PlyCount "66"]
[EventDate "2002.03.08"]
[EventType "tourn"]
[EventRounds "7"]
[EventCountry "DEN"]
[SourceTitle "EXT 2023"]
[Source "ChessBase"]
[SourceDate "2022.10.05"]
[SourceVersion "1"]
[SourceVersionDate "2022.10.05"]
[SourceQuality "1"]

1. e4 e6 2. Qe2 c5 3. g3 d5 4. Bg2 dxe4 5. Bxe4 Qc7 6. Bg2 Bd7 7. Nf3 Nc6 8. c3 h6 9. d3 Bd6 10. 0-0 Nf6 11. Be3 0-0 12. Nbd2 Rad8 13. Nc4 Be7 14. Bf4 Qc8 15. Nfe5 Nxe5 16. Bxe5 b6 17. Nd6 Bxd6 18. Bxd6 Rfe8 19. Be5 Nh7 20. d4 cxd4 21. Bxd4 Nf8 22. Qg4 e5 23. Qe4 exd4 24. Qxd4 Bb5 25. Qf4 Bxf1 26. Bxf1 Ne6 27. Qg4 Re7 28. Qe4 Red7 29. Qe1 Ng5 30. Be2 Re8 31. Kf1 Rde7 32. Rd1 Qh3+ 33. Kg1 Nf3+ 0-1

[Event "Lovfalds 15th F"]
[Site "Ringsted"]
[Date "2001.09.16"]
[Round "5"]
[White "Madsen, Simon Rise"]
[Black "Astrup, Knud"]
[Result "1-0"]
[WhiteElo "1204"]
[BlackElo "1278"]
[PlyCount "43"]
[EventDate "2001.09.14"]
[EventType "swiss"]
[EventRounds "5"]
[EventCountry "DEN"]
[SourceTitle "EXT 2023"]
[Source "ChessBase"]
[SourceDate "2022.10.05"]
[SourceVersion "1"]
[SourceVersionDate "2022.10.05"]
[SourceQuality "1"]

1. e4 e6 2. Nf3 d5 3. exd5 exd5 4. d4 Nf6 5. c4 dxc4 6. Bxc4 Bd6 7. 0-0 0-0 8. Bg5 Nbd7 9. Re1 b6 10. Bd5 Rb8 11. Nc3 Bb7 12. Ne5 Be7 13. Bxb7 Rxb7 14. Nc6 Qa8 15. Nxe7+ Kh8 16. Ned5 Nxd5 17. Nxd5 c6 18. Nf4 Rbb8 19. Rc1 f6 20. Bh4 g5 21. Re7 Qb7 22. Qh5 1-0

[Event "Lovsprings op 12th D"]
[Site "Ringsted"]
[Date "2001.04.20"]
[Round "6"]
[White "Astrup, Knud"]
[Black "Hansen, Steen J"]
[Result "1/2-1/2"]
[WhiteElo "1178"]
[BlackElo "1275"]
[PlyCount "98"]
[EventDate "2001.03.02"]
[EventType "swiss"]
[EventRounds "7"]
[EventCountry "DEN"]
[SourceTitle "EXT 2023"]
[Source "ChessBase"]
[SourceDate "2022.10.05"]
[SourceVersion "1"]
[SourceVersionDate "2022.10.05"]
[SourceQuality "1"]

1. f4 d5 2. Nf3 Nc6 3. e3 e6 4. b3 Be7 5. Bb2 Bf6 6. Nc3 a6 7. g3 h5 8. Bg2 Nge7 9. Qe2 Nb4 10. d4 Bd7 11. Ba3 c5 12. Bxb4 cxb4 13. Nd1 Rc8 14. Rc1 Qa5 15. Ra1 Bb5 16. Qd2 Qc7 17. Rc1 a5 18. c3 0-0 19. Bf1 Bxf1 20. Rxf1 b5 21. Kf2 Nf5 22. Ng1 Nd6 23. Kg2 Ne4 24. Qe2 bxc3 25. Rc2 b4 26. Qxh5 g6 27. Qe2 Qa7 28. Nf2 Nd2 29. Rd1 Ne4 30. Nxe4 dxe4 31. Nh3 Rfd8 32. Nf2 Qb7 33. Ng4 Bg7 34. h4 Qd5 35. Nf2 Ra8 36. Rh1 a4 37. h5 gxh5 38. Rxh5 f5 39. Rh1 axb3 40. axb3 Qxb3 41. Rhc1 Ra3 42. g4 Rda8 43. Kg3 Ra2 44. Rxa2 Rxa2 45. Qb5 Rxf2 46. Qe8+ Bf8 47. Qg6+ Bg7 48. Qe8+ Bf8 49. Qg6+ Bg7 1/2-1/2

[Event "Lovsprings op 12th D"]
[Site "Ringsted"]
[Date "2001.03.09"]
[Round "2"]
[White "Astrup, Knud"]
[Black "Vilsgaard, Lars"]
[Result "1-0"]
[WhiteElo "1178"]
[BlackElo "1129"]
[PlyCount "75"]
[EventDate "2001.03.02"]
[EventType "swiss"]
[EventRounds "7"]
[EventCountry "DEN"]
[SourceTitle "EXT 2023"]
[Source "ChessBase"]
[SourceDate "2022.10.05"]
[SourceVersion "1"]
[SourceVersionDate "2022.10.05"]
[SourceQuality "1"]

1. f4 Nc6 2. Nf3 d5 3. e3 Bg4 4. Be2 Bxf3 5. Bxf3 e6 6. b3 Nf6 7. Bb2 Bc5 8. 0-0 0-0 9. Qe2 d4 10. Bxc6 bxc6 11. Kh1 dxe3 12. dxe3 Bd6 13. Nd2 c5 14. Rad1 Qe7 15. Nc4 Rfd8 16. e4 Bxf4 17. Rxf4 Ne8 18. Rxd8 Rxd8 19. Rf1 f6 20. Na5 Rd6 21. Nc4 Rd8 22. Ba3 Qd7 23. Bxc5 Qc6 24. Bg1 e5 25. Nd2 Qxc2 26. Qc4+ Qxc4 27. Nxc4 Kf7 28. Nxe5+ Ke6 29. Nc4 Rd3 30. Bxa7 Nd6 31. Nxd6 cxd6 32. Re1 Rd2 33. Ra1 Re2 34. Bb6 Rxe4 35. Ba5 d5 36. Re1 Kf5 37. Rxe4 Kxe4 38. b4 1-0

[Event "Lovsprings op 11th D"]
[Site "Ringsted"]
[Date "2000.05.05"]
[Round "6"]
[White "Astrup, Knud"]
[Black "Vilsgaard, Lars"]
[Result "1-0"]
[WhiteElo "1228"]
[BlackElo "1192"]
[PlyCount "47"]
[EventDate "2000.03.24"]
[EventType "swiss"]
[EventRounds "7"]
[EventCountry "DEN"]
[SourceTitle "EXT 2023"]
[Source "ChessBase"]
[SourceDate "2022.10.05"]
[SourceVersion "1"]
[SourceVersionDate "2022.10.05"]
[SourceQuality "1"]

1. f4 Nc6 2. Nf3 d5 3. e3 Bg4 4. b3 e6 5. Bb2 Nf6 6. Bb5 Qd6 7. Bxf6 gxf6 8. 0-0 Bg7 9. d4 a6 10. Bxc6+ Qxc6 11. Nbd2 0-0 12. Rc1 Rfe8 13. Qe1 e5 14. fxe5 fxe5 15. Qf2 Bxf3 16. Nxf3 Qg6 17. dxe5 Bxe5 18. c4 dxc4 19. Rxc4 Bd6 20. h3 Qe6 21. Rg4+ Kf8 22. e4 b6 23. Kh1 Rad8 24. Ng5 1-0

[Event "Lovsprings op 10th D"]
[Site "Ringsted"]
[Date "1998.04.17"]
[Round "4"]
[White "Astrup, Knud"]
[Black "Abdi, Farhad"]
[Result "1-0"]
[WhiteElo "1243"]
[BlackElo "1006"]
[PlyCount "151"]
[EventDate "1998.03.13"]
[EventType "swiss"]
[EventRounds "7"]
[EventCountry "DEN"]
[SourceTitle "EXT 2023"]
[Source "ChessBase"]
[SourceDate "2022.10.05"]
[SourceVersion "1"]
[SourceVersionDate "2022.10.05"]
[SourceQuality "1"]

1. f4 d6 2. Nf3 Nc6 3. e3 a6 4. b3 Nf6 5. Bb2 g6 6. Bxf6 exf6 7. Be2 Bg7 8. d4 0-0 9. 0-0 f5 10. Na3 Nb4 11. Qd2 Nd5 12. c4 Ne7 13. Rad1 d5 14. Rfe1 Qd6 15. c5 Qf6 16. Bf1 Nc6 17. Nc2 Re8 18. a3 Qd8 19. b4 f6 20. Ra1 Na7 21. a4 c6 22. Na3 Bf8 23. b5 cxb5 24. axb5 Re6 25. b6 Nc6 26. Nb5 Re7 27. Nc3 Be6 28. g3 Rg7 29. Bg2 g5 30. h3 Qd7 31. Kf2 Rd8 32. Rh1 Rg6 33. Ne2 Kh8 34. Nc1 Rg7 35. Nd3 Rg8 36. Rh2 Bg7 37. Rah1 Bh6 38. Qe2 Qf7 39. Ng1 Rg7 40. Bf3 Qe7 41. Nb2 Na5 42. Qc2 Qe8 43. Ne2 Re7 44. Nc3 Nc4 45. Nxc4 dxc4 46. Re1 Qf7 47. c6 bxc6 48. Bxc6 Bd7 49. Bf3 Bc8 50. Rb1 Bb7 51. Bxb7 Rxb7 52. Qxf5 Qg6 53. Qxg6 hxg6 54. Kf3 Kg7 55. Rc2 Rd6 56. Na4 Rc6 57. Rb4 c3 58. Rxc3 Rxc3 59. Nxc3 Kf7 60. Ke4 Ke6 61. d5+ Kd6 62. Na4 Bf8 63. Rc4 f5+ 64. Kd4 Bg7+ 65. Kd3 Kxd5 66. Rc7 Rb8 67. Rxg7 gxf4 68. gxf4 Kc6 69. Rxg6+ Kb5 70. Nc3+ Kc5 71. h4 a5 72. h5 Kb4 73. h6 Rd8+ 74. Kc2 a4 75. h7 a3 76. Rg8 1-0

[Event "Lovsprings op 09th E"]
[Site "Ringsted"]
[Date "1997.05.16"]
[Round "7"]
[White "Abdi, Farhad"]
[Black "Astrup, Knud"]
[Result "0-1"]
[WhiteElo "1060"]
[BlackElo "1161"]
[PlyCount "84"]
[EventDate "1997.03.14"]
[EventType "swiss"]
[EventRounds "7"]
[EventCountry "DEN"]
[SourceTitle "EXT 2023"]
[Source "ChessBase"]
[SourceDate "2022.10.05"]
[SourceVersion "1"]
[SourceVersionDate "2022.10.05"]
[SourceQuality "1"]

1. c4 e6 2. d4 d5 3. cxd5 exd5 4. Nc3 c6 5. e4 dxe4 6. Nxe4 Nd7 7. Be3 Ngf6 8. f3 Bb4+ 9. Nc3 0-0 10. Bd3 Re8 11. Qd2 Nd5 12. Be4 Nxe3 13. Qxe3 Nf6 14. a3 Ba5 15. Kf2 Bxc3 16. bxc3 Nxe4+ 17. fxe4 Qh4+ 18. g3 Qxe4 19. Qxe4 Rxe4 20. Nf3 Bg4 21. Rhe1 Rae8 22. Rxe4 Rxe4 23. Re1 Bxf3 24. Rxe4 Bxe4 25. Ke3 f5 26. Kf4 Kf7 27. Ke5 Ke7 28. c4 b6 29. g4 g6 30. d5 cxd5 31. cxd5 Kd7 32. gxf5 gxf5 33. d6 Bc2 34. h3 a5 35. h4 h5 36. Kf4 Kxd6 37. Kg5 Ke5 38. Kxh5 f4 39. Kg4 Ke4 40. Kg5 Ke3 41. h5 f3 42. h6 f2 0-1

[Event "Lovfalds 08th G"]
[Site "Ringsted"]
[Date "1994.09.30"]
[Round "5"]
[White "Vilsgaard, Lars"]
[Black "Astrup, Knud"]
[Result "0-1"]
[WhiteElo "1121"]
[BlackElo "1210"]
[PlyCount "52"]
[EventDate "1994.09.02"]
[EventType "swiss"]
[EventRounds "5"]
[EventCountry "DEN"]
[SourceTitle "EXT 2023"]
[Source "ChessBase"]
[SourceDate "2022.10.05"]
[SourceVersion "1"]
[SourceVersionDate "2022.10.05"]
[SourceQuality "1"]

1. e4 e6 2. Nf3 d5 3. Bd3 Nf6 4. exd5 exd5 5. 0-0 Bd6 6. h3 0-0 7. Nc3 c6 8. Be2 Re8 9. d4 h6 10. Be3 Nbd7 11. Bd3 Ne4 12. Bxe4 dxe4 13. Nd2 f5 14. a3 Nf6 15. Qe2 f4 16. Bxf4 Bxf4 17. Ncxe4 Nxe4 18. Nxe4 Bf5 19. f3 Qxd4+ 20. Kh1 Bxe4 21. fxe4 Rxe4 22. Qf3 Rae8 23. Qb3+ Kh8 24. Qxb7 Qd2 25. Qxc6 Re1 26. Qf3 Qe3 0-1

[Event "Lovsprings op 06th F"]
[Site "Ringsted"]
[Date "1994.04.24"]
[Round "4"]
[White "Schmidt, Hans Christian"]
[Black "Astrup, Knud"]
[Result "0-1"]
[WhiteElo "1095"]
[BlackElo "1068"]
[PlyCount "112"]
[EventDate "1994.03.27"]
[EventType "swiss"]
[EventRounds "7"]
[EventCountry "DEN"]
[SourceTitle "EXT 2023"]
[Source "ChessBase"]
[SourceDate "2022.10.05"]
[SourceVersion "1"]
[SourceVersionDate "2022.10.05"]
[SourceQuality "1"]

1. e4 e6 2. d4 d5 3. exd5 exd5 4. Nf3 Bd6 5. Nc3 c6 6. Be2 Nf6 7. Bg5 Nbd7 8. 0-0 0-0 9. Bd3 Qc7 10. Bf5 h6 11. Bxd7 Nxd7 12. Bh4 Re8 13. Bg3 Bxg3 14. hxg3 Nf6 15. Re1 Ne4 16. Nh2 Bf5 17. Nxe4 dxe4 18. c3 Re6 19. Re3 Rae8 20. Qd2 Bh7 21. d5 Rd6 22. c4 cxd5 23. cxd5 f5 24. Rc1 Qf7 25. Qd4 b6 26. Qc4 Kh8 27. Qc7 Qxc7 28. Rxc7 a5 29. Rc6 Red8 30. Rec3 Bg8 31. Rxd6 Rxd6 32. Rc6 Rxc6 33. dxc6 Be6 34. b3 Kg8 35. Nf1 Kf7 36. Ne3 Ke7 37. Nc2 Kd6 38. Nd4 Bc8 39. Kf1 Kd5 40. Nb5 Kxc6 41. Na7+ Kb7 42. Nxc8 Kxc8 43. Ke2 Kd7 44. Ke3 Ke6 45. Kd4 Kd6 46. a4 h5 47. Kc4 Kc6 48. Kd4 Kd6 49. Kc4 g5 50. Kd4 Ke6 51. f3 exf3 52. gxf3 h4 53. gxh4 gxh4 54. Ke3 Ke5 55. f4+ Kd5 56. Kf3 Kd4 0-1

[Event "Lovsprings op 06th F"]
[Site "Ringsted"]
[Date "1994.03.27"]
[Round "1"]
[White "Astrup, Knud"]
[Black "Nielsen, Poul"]
[Result "1/2-1/2"]
[WhiteElo "1068"]
[BlackElo "1099"]
[PlyCount "91"]
[EventDate "1994.03.27"]
[EventType "swiss"]
[EventRounds "7"]
[EventCountry "DEN"]
[SourceTitle "EXT 2023"]
[Source "ChessBase"]
[SourceDate "2022.10.05"]
[SourceVersion "1"]
[SourceVersionDate "2022.10.05"]
[SourceQuality "1"]

1. d4 d5 2. c4 e6 3. Nc3 g6 4. Nf3 Bg7 5. Bg5 Ne7 6. e3 c6 7. cxd5 exd5 8. Bd3 f6 9. Bh4 Nf5 10. Qc2 Nxh4 11. Nxh4 f5 12. Nf3 Qe7 13. 0-0 0-0 14. Rfe1 Nd7 15. Na4 Nf6 16. h3 Ne4 17. Nc5 a6 18. Rab1 Rf6 19. Bxe4 fxe4 20. Nd2 Rf5 21. Qb3 Kh8 22. Qd1 Qh4 23. Qe2 Rg5 24. f4 Rh5 25. Qf2 Bf6 26. Qxh4 Rxh4 27. Kh2 b6 28. Na4 Rb8 29. b4 Bd7 30. Rbc1 g5 31. fxg5 Bxg5 32. Nf1 Be7 33. a3 Bd6+ 34. Kg1 Bxh3 35. gxh3 Rg8+ 36. Kf2 Rxh3 37. Ke2 Rg2+ 38. Kd1 Rh1 39. Nd2 Rhh2 40. Rc2 Bg3 41. Rf1 Bf2 42. Nb3 Bxe3 43. Rxg2 Rxg2 44. Re1 Bf4 45. Re2 Rg3 46. Kc2 1/2-1/2